| 000 | 00987nam a2200265Ia 4500 | ||
|---|---|---|---|
| 003 | OSt | ||
| 005 | 20221005113314.0 | ||
| 006 | a|||||r|||| 00| 0 | ||
| 007 | ta | ||
| 008 | 221004b |||||||| |||| 00| 0 pan d | ||
| 020 |
_a9788130203164 (pbk) _c170 |
||
| 024 | _a26826 | ||
| 037 |
_b985, 16/12/2015, H.K. Prakashan _cTextual |
||
| 040 |
_aCRL _cCRL _bpan |
||
| 041 |
_2pan _apan |
||
| 082 | _aO153,2:g, Q4 | ||
| 100 |
_aਸਿੰਘ, ਗੁਰFਰਨ _9160119 |
||
| 245 | 0 | _aਮੇਰੀ ਨਾਟਕ ਡਾਇਰੀ | |
| 260 |
_aਪਟਿਆਲਾ _bਪੰਜਾਬੀ ਯੂਨੀਵਰਸਿਟੀ ਭਾਰਤ _c2014 |
||
| 300 |
_a105ਪੰ _ccm. |
||
| 650 | _aਭੱਜ਼ਾਂਸ਼. ਸਾਂFੲਛ | ||
| 700 | _a ਦਿਉਲ, ਜਸਪਾਲ ਕੌਰ, ਥਦ. | ||
| 942 |
_hO153,2:g, Q4 _cTEXL _2cc |
||
| 999 |
_c1027737 _d1027737 |
||